000 00648nam a2200181Ia 4500
008 090123s9999 xx 000 0 und d
082 _b41832
100 _aसहस्त्रबुध्दे जयंती
245 _aमनोबोध सुमनमाला
250 _a1
260 _bमनोरमा प्रकाशन
_c2007
300 _a112
600 _aसहस्त्रबुध्दे जयंती
630 _aमनोबोध सुमनमाला
700 _aसहस्त्रबुध्दे जयंती
730 _aमनोबोध सुमनमाला
942 _cBOOK
999 _c79910
_d79910